Todos los fuegos el fuego

保存先:
書誌詳細
第一著者: Cortázar, Julio, 1914-1984 (著者)
フォーマット: 図書
言語:スペイン語
出版事項: Buenos Aires Sudamérica 1967
版:5a. ed
主題:
タグ: タグ追加
タグなし, このレコードへの初めてのタグを付けませんか!

MARC

LEADER 00000nam a2200000 a 4500
001 UCT6469
003 CL-VaPUC
008 970113e19670000AG |||||||||||||||||spa|d
082 0 4 |a Ar863  |b COR  |2 21 
100 |a Cortázar, Julio,  |d 1914-1984  |e author  |9 347319 
245 1 0 |a Todos los fuegos el fuego 
250 |a 5a. ed 
300 |a 197 p 
942 |c BK 
945 |d 19970113 00:00:00  |a rbrito 
260 |a Buenos Aires  |b Sudamérica  |c 1967 
650 7 |a CUENTOS ARGENTINOS  |2 CL-VaPUC  |9 376672 
583 |a last modification  |c 19970113 00:00:00  |k Rodrigo Vera 
999 |c 255171  |d 255169 
952 |0 0  |1 0  |4 0  |6 AR_863_000000000000000_COR_1967  |7 0  |8 A  |9 277296  |a BIBEDU  |b BIBEDU  |d 2019-11-19  |i 326663K  |l 3  |o Ar863 COR 1967  |p 326663K  |r 2022-06-07  |s 2022-06-07  |w 2019-11-19  |y BK  |k LIT